De Gruyter Handbook of Eastern European Politics, Society and Culture

Gespeichert in:
Bibliographische Detailangaben
Weitere Verfasser: Easter, Gerald M.
Format: Buch
Sprache:Englisch
Tags: Tag hinzufügen
Keine Tags, Fügen Sie das erste Tag hinzu!

MARC

LEADER 00000nam a2200000 4500
001 0315351
005 20260309134145.8
020 |a 9783111320021 
041 0 |a eng 
245 1 0 |a De Gruyter Handbook of Eastern European Politics, Society and Culture  |c Edited by Gerald M. Easter 
500 |a ProQuest e-books. 
700 1 |a Easter, Gerald M.